000
00308nam a22001337a 4500
008
171027b xxu||||| |||| 00| 0 eng d
020
_a
9780030776090
041
_a
eng
080
_a
336
100
_a
55
101
_a
MEN
245
_a
FUNDAMENTALS OF FINANCIAL MANAGEMENT
_c
BRIGHAM, E.F
942
_2
udc
_c
BK
999
_c
36039
_d
36039